Music Quiz

Random Music Quiz

Lyrics to Weighted by frnkiero andthe cellabration Quiz Stats

 Plays Quiz not verified by Sporcle

Challenge
Share
Tweet
Embed
Score 0/243 Timer 10:00
0 Plays Today
% Correct
we
100%
we
100%
we
100%
we
100%
I
100%
I
100%
I
100%
I
100%
I
100%
we
100%
we
100%
I
100%
I
100%
If
98.7%
if
98.7%
if
98.7%
if
98.7%
if
98.7%
to
97.4%
to
97.4%
to
97.4%
to
97.4%
to
97.4%
to
97.4%
to
97.4%
be
94.7%
and
94.7%
the
94.7%
and
94.7%
and
94.7%
the
94.7%
the
94.7%
be
94.7%
the
94.7%
wait
93.4%
it
93.4%
too
93.4%
late
93.4%
it
93.4%
it
93.4%
wait
93.4%
it
93.4%
late
93.4%
it
93.4%
may
90.8%
cry
90.8%
try
90.8%
stay
90.8%
may
90.8%
stay
90.8%
try
90.8%
may
90.8%
try
90.8%
may
90.8%
may
90.8%
cry
90.8%
try
90.8%
we'll
89.5%
everybody
89.5%
we'll
89.5%
everybody
89.5%
have
88.2%
over
88.2%
our
88.2%
feel
88.2%
our
88.2%
have
88.2%
have
88.2%
our
88.2%
our
88.2%
our
88.2%
make
86.8%
even
86.8%
make
86.8%
even
86.8%
just
85.5%
lets
85.5%
lets
85.5%
lets
85.5%
lets
85.5%
lets
85.5%
% Correct
lets
85.5%
just
85.5%
on
85.5%
just
85.5%
lets
85.5%
lets
85.5%
lets
85.5%
lets
85.5%
lets
85.5%
lets
85.5%
lets
85.5%
lets
85.5%
lets
85.5%
lets
85.5%
lets
85.5%
lets
85.5%
just
85.5%
lets
85.5%
time
84.2%
right
84.2%
right
84.2%
lets
84.2%
would'nt
82.9%
wouldn't
82.9%
so
82.9%
wouldn't
82.9%
so
82.9%
so
82.9%
love
81.6%
love
81.6%
love
81.6%
love
81.6%
love
81.6%
love
81.6%
love
81.6%
love
81.6%
love
81.6%
love
81.6%
love
81.6%
love
81.6%
laugh
80.3%
laugh
80.3%
laugh
80.3%
again
80.3%
again
80.3%
laugh
80.3%
laugh
80.3%
laugh
80.3%
again
80.3%
laugh
80.3%
laugh
80.3%
laugh
80.3%
ourselves
78.9%
ourselves
78.9%
ourselves
78.9%
at
77.6%
at
77.6%
at
77.6%
truth
76.3%
you
76.3%
learn
76.3%
do
76.3%
my
76.3%
my
76.3%
my
76.3%
my
76.3%
truth
76.3%
you
76.3%
you
76.3%
learn
76.3%
do
76.3%
my
76.3%
do
76.3%
learn
76.3%
do
76.3%
do
76.3%
only
75%
only
75%
speak
73.7%
fall
73.7%
for
72.4%
% Correct
face
72.4%
always
71.1%
but
69.7%
I'll
69.7%
but
69.7%
allotted
68.4%
flat
68.4%
dont
68.4%
dont
68.4%
that
65.8%
bleed
64.5%
life
64.5%
world
64.5%
world
64.5%
hate
63.2%
what
63.2%
sometimes
63.2%
when
63.2%
sometimes
63.2%
sometimes
63.2%
hate
63.2%
what
63.2%
what
63.2%
hate
63.2%
what
63.2%
hate
63.2%
when
63.2%
sometimes
63.2%
what
63.2%
hate
63.2%
us
61.8%
goes
61.8%
me
61.8%
me
61.8%
us
61.8%
goes
61.8%
me
61.8%
us
61.8%
us
61.8%
own
60.5%
own
60.5%
makes
59.2%
want
59.2%
thats
59.2%
round
59.2%
makes
59.2%
makes
59.2%
makes
59.2%
round
59.2%
makes
59.2%
entire
57.9%
change
57.9%
change
57.9%
thing
56.6%
somethings
56.6%
somethings
56.6%
weight
55.3%
one
55.3%
cant
55.3%
doesn't
53.9%
break
53.9%
under
53.9%
way
53.9%
leaves
52.6%
feeling
52.6%
feeling
52.6%
leaves
52.6%
bones
51.3%
then
47.4%
couldn't
47.4%
why
46.1%
stand
46.1%
in
46.1%
your
46.1%
understand
44.7%
old
44.7%
old
44.7%
sit
42.1%
another
42.1%
standing
42.1%
day
40.8%

You're not logged in!

Compare scores with friends on all Sporcle quizzes.
Join for Free
OR
Log In

You Might Also Like...

Show Comments

Extras

Created Feb 18, 2017ReportNominate
Tags:mcr, My Chemical Romance

Top Quizzes Today


Score Distribution

Your Account Isn't Verified!

In order to create a playlist on Sporcle, you need to verify the email address you used during registration. Go to your Sporcle Settings to finish the process.

Report this User

Report this user for behavior that violates our Community Guidelines.

Details: